[Event "2022 Standard Chess Dropout Tournament, Round 2"]
[Site "SchemingMind.com"]
[Date "2022.06.20"]
[Round "2"]
[White "Billy Campbell"]
[Black "echecs"]
[Result "0-1"]
[WhiteCountry "NIR"]
[BlackCountry "ENG"]
[WhiteElo "1439"]
[WhiteRD "105"]
[BlackElo "1825"]
[BlackRD "84"]
[GameID "724568"]

1. e4 e5 2. Nf3 Nc6 3. Bb5 d6 4. d4 Bd7 5. O-O exd4 6. Bxc6 bxc6 7. Nxd4 Be7 8. Re1 Nf6 9. c4 O-O 10. Nc3 Qc8
11. e5 Ne8 12. b4 dxe5 13. Nf3 Bxb4 14. Qc2 f6 15. Be3 Nd6 16. a3 Ba5 17. Bc5 Bf5 18. Qc1 Nxc4 19. Bxf8 Qxf8 20. Rd1 Nd6
21. Na4 Be4
0-1

[Event "2022 Standard Chess Dropout Tournament, Round 2"]
[Site "SchemingMind.com"]
[Date "2022.06.24"]
[Round "2"]
[White "Mike Winslow"]
[Black "zygyzag"]
[Result "0-1"]
[WhiteCountry "USA"]
[BlackCountry "ENG"]
[WhiteElo "1953"]
[WhiteRD "89"]
[BlackElo "2079"]
[BlackRD "124"]
[GameID "724569"]

1. d4 d5 2. c4 e5 3. dxe5 d4 4. Nf3 Nc6 5. Nbd2 Be6 6. g3 Qd7 7. Bg2 Bh3 8. O-O Bxg2 9. Kxg2 h5 10. h3 Be7
11. a3 g5 12. Nb3 g4 13. hxg4 Qxg4 14. Nbxd4 O-O-O 15. e3 h4 16. Rh1 h3+ 17. Kh2 Bc5 18. b4 Nh6 19. Bb2 Qe4 20. Qc2 Qg4
21. Qe2 Bxd4 22. Bxd4 Qe4 23. Nh4 Nxd4 24. f3 Ng4+ 25. Kxh3 Nxf3
0-1

[Event "2022 Standard Chess Dropout Tournament, Round 2"]
[Site "SchemingMind.com"]
[Date "2022.06.20"]
[Round "2"]
[White "Brerrabbit"]
[Black "agoodhobby"]
[Result "0-1"]
[WhiteCountry "SCO"]
[BlackCountry "USA"]
[WhiteElo "1157"]
[WhiteRD "64"]
[BlackElo "1447"]
[BlackRD "69"]
[GameID "724570"]

1. e4 e5 2. Nf3 Nc6 3. Bc4 Nf6 4. Nc3 Nxe4 5. Nxe4 d5 6. Bd3 dxe4 7. Bxe4 Bd6 8. d4 exd4 9. Nxd4 Nxd4 10. Qxd4 O-O
11. Qd3 Re8 12. Be3 Qe7 13. f3 Bf5 14. O-O-O Bxe4 15. fxe4 Qxe4 16. Qxe4 Rxe4 17. Rhe1 Rae8 18. Rd3 Bf4 19. Kd2 Bxh2 20. Rh1 Bf4
21. Re1 Bxe3+ 22. Rdxe3 Rxe3 23. Rxe3 Rxe3 24. Kxe3 h5 25. Kf3 g5 26. Kg3 Kg7 27. c4 f5 28. b4 Kg6 29. a4 h4+ 30. Kh3 Kh5
31. c5 g4+ 32. Kh2 f4 33. b5 Kg5 34. a5 b6 35. Kg1 bxa5
0-1

[Event "2022 Standard Chess Dropout Tournament, Round 2"]
[Site "SchemingMind.com"]
[Date "2022.06.22"]
[Round "2"]
[White "Carlos Vila Hernández"]
[Black "Andrew Burruss"]
[Result "1-0"]
[WhiteCountry "CUB"]
[BlackCountry "USA"]
[WhiteElo "2552"]
[WhiteRD "92"]
[BlackElo "1420"]
[BlackRD "125"]
[GameID "724572"]

1. e4 e5 2. Nf3 Nc6 3. Bb5 a6 4. Ba4 Nf6 5. O-O Be7 6. Re1 b5 7. Bb3 O-O 8. h3 d5 9. exd5 Nxd5 10. Nxe5 Nxe5
11. Rxe5 c6 12. Re1 Nf4 13. d4 Nxh3+ 14. gxh3 Bxh3 15. Qh5 Bh4 16. Re4 Qf6 17. Rxh4 h6 18. Rxh3 Kh7 19. Be3 Rae8 20. a4 b4
21. Rf3 Qd6 22. Bxf7 Rxf7 23. Qxf7 Qg6+ 24. Qxg6+ Kxg6 25. Nd2 h5 26. Kh1 Rg8 27. Rg1+ Kh7 28. Rf7 h4 29. Ne4 h3 30. Nf6+ Kh8
31. Rg3
1-0

[Event "2022 Standard Chess Dropout Tournament, Round 2"]
[Site "SchemingMind.com"]
[Date "2022.06.20"]
[Round "2"]
[White "carra1971"]
[Black "Helga1946"]
[Result "1-0"]
[WhiteCountry "CUB"]
[BlackCountry "GER"]
[WhiteElo "2408"]
[WhiteRD "86"]
[BlackElo "2304"]
[BlackRD "79"]
[GameID "724573"]

1. e4 e5 2. Nf3 Nc6 3. d4 exd4 4. Nxd4 Nf6 5. Nxc6 bxc6 6. e5 Qe7 7. Qe2 Nd5 8. g3 Bb7 9. Bg2 f6 10. c4 Nb6
11. O-O Qxe5 12. Qc2 O-O-O 13. Bf4 Qe6 14. Nd2 h5 15. a4 g5 16. Rfe1 Qf7 17. Be3 a5 18. c5 Nd5 19. Nb3 h4 20. Nxa5 hxg3
21. fxg3 Ba6 22. Bd4 g4 23. Qb3 Qh7 24. h4 Qd3 25. Rad1 Qxb3 26. Nxb3 Rh5 27. Be4 f5 28. Bxd5 cxd5 29. Na5 c6 30. b4 Rh6
31. Re3 f4 32. gxf4 Rxh4 33. b5 cxb5 34. axb5 Bxb5 35. Rb1 Ba6 36. Reb3 Rh6 37. Nb7 Bxb7 38. Rxb7 Re6 39. Rb8+ Kc7 40. R1b7+ Kc6
41. Rxd8 Bxc5 42. Bxc5 Kxb7 43. f5 Rf6 44. Rf8 Rc6 45. Be3
1-0

[Event "2022 Standard Chess Dropout Tournament, Round 2"]
[Site "SchemingMind.com"]
[Date "2022.06.24"]
[Round "2"]
[White "Chashird"]
[Black "Arthur Wilding"]
[Result "1-0"]
[WhiteCountry "ENG"]
[BlackCountry "WLS"]
[WhiteElo "1314"]
[WhiteRD "113"]
[BlackElo "1174"]
[BlackRD "73"]
[GameID "724574"]

1. e4 e5 2. Nf3 d6 3. Bc4 h6 4. Nc3 Nf6 5. h3 Nc6 6. O-O Be7 7. Nd5 O-O 8. Nxf6+ Bxf6 9. Nh2 Nd4 10. c3 Nc6
11. d3 Qe7 12. Nf3 a6 13. d4 Be6 14. Bxe6 exd4 15. Bd5 dxc3 16. bxc3 Nd8 17. Qd3 c6 18. Bb3 Ne6 19. Be3 Rfd8 20. Bc2 g6
21. e5 dxe5 22. Qc4 Rdc8 23. Qe4 Rd8 24. Bb6 Rd7 25. Nxe5 Bxe5 26. Qxe5 Rd2 27. Qe4 Kf8 28. Bb3 Re8 29. Qe5 f6 30. Qe4 f5
31. Qe5 Kg8 32. Qf4 Kh7 33. Qxd2 Nc7 34. Rae1 Qf8 35. Bxc7 Rc8 36. Qd7+ Kh8 37. Be5+ Qg7 38. Qxg7#
1-0

[Event "2022 Standard Chess Dropout Tournament, Round 2"]
[Site "SchemingMind.com"]
[Date "2022.06.20"]
[Round "2"]
[White "Diadoco"]
[Black "Ninaner2"]
[Result "0-1"]
[WhiteCountry "MEX"]
[BlackCountry "NED"]
[WhiteElo "1857"]
[WhiteRD "97"]
[BlackElo "2246"]
[BlackRD "107"]
[GameID "724575"]

1. e4 c5 2. Nf3 d6 3. d4 cxd4 4. Nxd4 Nf6 5. Nc3 a6 6. Be3 e5 7. Nb3 Be6 8. f3 Nbd7 9. g4 b5 10. g5 b4
11. Ne2 Nh5 12. Qd2 Be7 13. Ng3 Nxg3 14. hxg3 a5 15. f4 g6 16. Qf2 a4 17. Nd2 Rc8 18. Bd3 d5 19. f5 d4 20. fxe6 fxe6
21. Bxd4 exd4 22. Qxd4 O-O 23. Bc4 Rc6 24. Ke2 Bc5 25. Qd3 Rf2+ 26. Ke1 Qe7 27. g4 Rd6
0-1

[Event "2022 Standard Chess Dropout Tournament, Round 2"]
[Site "SchemingMind.com"]
[Date "2022.06.20"]
[Round "2"]
[White "Dom P"]
[Black "Arnold Jones"]
[Result "1-0"]
[WhiteCountry "ENG"]
[BlackCountry "ENG"]
[WhiteElo "1495"]
[WhiteRD "78"]
[BlackElo "1570"]
[BlackRD "62"]
[GameID "724576"]

1. e4 c5 2. d4 d5 3. Nc3 Qa5 4. exd5 e6 5. dxe6 Bxe6 6. Nf3 cxd4 7. Nxd4 Qe5+ 8. Be3 Bb4 9. a3 Bxc3+ 10. bxc3 Ne7
11. Bd3 Nd5 12. Bb5+ Nd7 13. O-O Nxc3 14. Qf3 Bd5 15. Bxd7+ Kxd7 16. Qg4+ Be6 17. Nxe6 fxe6 18. Bd4 Ne2+ 19. Kh1 Nxd4 20. Rad1 Kc7
21. Rxd4 b5 22. Re4 h5 23. Qe2 Qb2 24. Rxe6 Qxa3 25. Qe5+ Kc8 26. Rc6+
1-0

[Event "2022 Standard Chess Dropout Tournament, Round 2"]
[Site "SchemingMind.com"]
[Date "2022.06.20"]
[Round "2"]
[White "dpickin"]
[Black "Holty"]
[Result "1/2-1/2"]
[WhiteCountry "ENG"]
[BlackCountry "ENG"]
[WhiteElo "1503"]
[WhiteRD "62"]
[BlackElo "1716"]
[BlackRD "69"]
[GameID "724577"]

1. d4 e6 2. c4 f5 3. Nc3 Nf6 4. Bg5 Bb4 5. Bxf6 Bxc3+ 6. bxc3 Qxf6 7. Nf3 h6 8. e3 O-O 9. g3 d6 10. Bg2 Nc6
11. O-O Rb8 12. Qb3 Bd7 13. Rfd1 Rfe8 14. d5 Ne7 15. Nd4 c6 16. e4 cxd5 17. cxd5 e5 18. Ne2 Rec8 19. Rdc1 b5 20. Qa3 Ra8
21. Qa6 Rcb8 22. Rcb1 Bc8 23. Qa5 a6 24. a4 fxe4 25. Bxe4 Bf5 26. f3 Bxe4 27. fxe4 Qf8 28. axb5 axb5 29. Qb4 Rxa1 30. Rxa1 Qd8
31. Ra5 Qb6+ 32. Kf1 Rf8+ 33. Ke1 Qf2+ 34. Kd2 Rf3 35. Qxb5 Qe3+ 36. Ke1 Qf2+ 37. Kd2 Qe3+ 38. Ke1 Qf2+ 39. Kd2 Qe3+=
1/2-1/2

[Event "2022 Standard Chess Dropout Tournament, Round 2"]
[Site "SchemingMind.com"]
[Date "2022.06.22"]
[Round "2"]
[White "echecs"]
[Black "Ulrich Klapp"]
[Result "1-0"]
[WhiteCountry "ENG"]
[BlackCountry "GER"]
[WhiteElo "1828"]
[WhiteRD "86"]
[BlackElo "1741"]
[BlackRD "104"]
[GameID "724579"]

1. e4 c5 2. Nf3 Nc6 3. c3 d6 4. d4 Nf6 5. Bd3 d5 6. e5 Ne4 7. O-O Bg4 8. Re1 cxd4 9. Bxe4 dxe4 10. Rxe4 Bf5
11. Rf4 Qd7 12. cxd4 Rd8 13. Nc3 g6 14. d5 e6 15. Be3 Qc7 16. d6 Qc8 17. Rc4 Bg7 18. Nb5 O-O 19. Nxa7 Qa8 20. Nxc6 bxc6
21. h3 Rb8 22. b3 Rfc8 23. Bg5 h6 24. Be7 Bf8 25. Bf6 Rb5 26. Nh4 Rd5 27. Qc1 Bd3 28. Rc3 Qa7 29. a4 Be2 30. Rxc6 Rxc6
31. Qxc6 Qd4 32. Re1 Qd2 33. Ra1 Qb2 34. Re1 Qxb3 35. Qe8 Qc3 36. Rxe2 Rd1+ 37. Kh2 Qd3 38. Be7 Qxe2 39. Qxf8+ Kh7 40. Qxf7+ Kh8
41. Nxg6#
1-0

[Event "2022 Standard Chess Dropout Tournament, Round 2"]
[Site "SchemingMind.com"]
[Date "2022.06.20"]
[Round "2"]
[White "edg"]
[Black "Steven DuCharme"]
[Result "1-0"]
[WhiteCountry "USA"]
[BlackCountry "USA"]
[WhiteElo "1758"]
[WhiteRD "70"]
[BlackElo "1598"]
[BlackRD "85"]
[GameID "724580"]

1. Nc3 d5 2. e4 dxe4 3. Nxe4 Nf6 4. Nxf6+ exf6 5. d4 Be6 6. c3 Be7 7. Nf3 O-O 8. g3 c6 9. Bg2 Nd7 10. O-O Re8
11. Nd2 Nb6 12. b3 Rc8 13. b4 Nc4 14. Nxc4 Bxc4 15. Re1 Bd6 16. Bd2 b5 17. Qc2 Qd7 18. Be4 g6 19. Bf3 Rxe1+ 20. Rxe1 Re8
21. Rxe8+ Qxe8 22. a3 Be2 23. Qe4 Qxe4 24. Bxe4 Bc4 25. Bxc6 Kf8 26. Kg2 Ke7 27. a4 bxa4 28. Bxa4 a6 29. Bc6 Bc7 30. Kf3 Bb6
31. h4 Kd6 32. Be4 a5 33. bxa5 Bxa5 34. Ke3 Bb6 35. Be1 f5 36. Bg2 Ba7 37. Kd2 h5 38. Kc2 f6 39. Bd2 Ke6= 40. Bf4 Bb6
41. Kd2 Bd8 42. Bf3 g5 43. Bb8 g4 44. Be2 Bd5 45. c4 Be4 46. d5+ Bxd5 47. cxd5+ Kxd5 48. Bb5
1-0

[Event "2022 Standard Chess Dropout Tournament, Round 2"]
[Site "SchemingMind.com"]
[Date "2022.06.21"]
[Round "2"]
[White "FcoRego"]
[Black "Andreas Flato"]
[Result "1-0"]
[WhiteCountry "ESP"]
[BlackCountry "GER"]
[WhiteElo "2079"]
[WhiteRD "88"]
[BlackElo "1963"]
[BlackRD "112"]
[GameID "724581"]

1. c4 e5 2. g3 Bc5 3. Bg2 Qf6 4. e3 Nc6 5. Nc3 Nb4 6. d3 Qd6 7. Bf1 Qc6 8. f3 Nf6 9. a3 Na6 10. b4 Nxb4
11. axb4 Bxb4 12. Bd2 Bxc3 13. Bxc3 d5 14. Qa4 O-O 15. Qxc6 bxc6 16. Bxe5 dxc4 17. Bxf6 gxf6 18. dxc4 a5 19. Bh3 Be6 20. Bxe6 fxe6
21. Ra4 Rfb8 22. Ra1 Rb2 23. Ne2 a4 24. Nc1 a3 25. Na2 Rd8 26. Nc1 Rdd2 27. Rxa3 Rdc2 28. Ra1 Rxc4 29. Nd3 Rg2 30. Nf4 Rb2
31. Nxe6 Rc3 32. O-O Rcc2 33. Nf4 Rxh2 34. Rac1
1-0

[Event "2022 Standard Chess Dropout Tournament, Round 2"]
[Site "SchemingMind.com"]
[Date "2022.06.19"]
[Round "2"]
[White "FransEvers"]
[Black "ROYALSPUR"]
[Result "1-0"]
[WhiteCountry "NED"]
[BlackCountry "PER"]
[WhiteElo "2068"]
[WhiteRD "114"]
[BlackElo "1022"]
[BlackRD "113"]
[GameID "724582"]

1. e4 e5 2. Nf3 Nc6 3. Be2 a6 4. O-O Nf6 5. d3 h6 6. Nbd2 Bc5 7. h3 Nd4 8. Nxd4 d6 9. N4f3 O-O 10. c3 Nh7
11. Re1 b5 12. d4 exd4 13. cxd4 Ba7 14. Nb3 Be6 15. Na5 c6 16. Nxc6 Qd7 17. Nxa7 Qxa7 18. Be3 Bc4 19. Bxc4 bxc4 20. d5 Qb7
21. Rb1 Nf6 22. Bf4 Rfd8 23. Nd4 Re8 24. f3 Qd7 25. Nc6 a5 26. Qa4 Nh5 27. Bh2 g5 28. Qxc4 Nf4 29. Bxf4 gxf4 30. Qc1 f5
31. Qxf4 Kh7 32. exf5 Rxe1+ 33. Rxe1 Re8 34. Rxe8 Qxe8 35. f6 Qe1+ 36. Kh2 Qe8 37. Qf5+ Kg8 38. Ne7+ Kh8 39. Qe6 Kh7 40. f7 Qd8
41. Qg6+ Kh8 42. Qg8+ Qxg8 43. fxg8=Q#
1-0

[Event "2022 Standard Chess Dropout Tournament, Round 2"]
[Site "SchemingMind.com"]
[Date "2022.06.20"]
[Round "2"]
[White "Gaëtan Emond"]
[Black "surfnsuds"]
[Result "1-0"]
[WhiteCountry "CAN"]
[BlackCountry "USA"]
[WhiteElo "1670"]
[WhiteRD "92"]
[BlackElo "1258"]
[BlackRD "75"]
[GameID "724583"]

1. e4 e5 2. Bc4 Nf6 3. Nf3 Nxe4 4. Bxf7+ Kxf7 5. Nxe5+ Kg8 6. d3 Qe7 7. dxe4 Qxe5 8. Nc3 Bb4 9. O-O Bxc3 10. bxc3 Qxe4
11. Re1 Qg6 12. Ba3 d6 13. Qd5+ Kf8 14. Re2 Nd7 15. Rae1 Nf6 16. Qe5 Bh3 17. Qe7+ Kg8 18. g3 Bf5 19. Qxc7 Ne8 20. Qxb7 Rc8
21. Qd5+ Qf7 22. Rxe8+ Rxe8 23. Rxe8#
1-0

[Event "2022 Standard Chess Dropout Tournament, Round 2"]
[Site "SchemingMind.com"]
[Date "2022.06.23"]
[Round "2"]
[White "George Dimitrov"]
[Black "John C. Walton"]
[Result "1/2-1/2"]
[WhiteCountry "BUL"]
[BlackCountry "USA"]
[WhiteElo "2498"]
[WhiteRD "112"]
[BlackElo "2582"]
[BlackRD "84"]
[GameID "724584"]

1. e4 e5 2. Nf3 Nc6 3. Bb5 Nf6 4. O-O Nxe4 5. d4 Nd6 6. Bxc6 dxc6 7. dxe5 Nf5 8. Qxd8+ Kxd8 9. Nc3 Bd7 10. h3 h6
11. b3 Kc8 12. Bb2 b6 13. Rad1 c5 14. g4 Ne7 15. Kg2 a5 16. a4 Bc6 17. Kg3 Kb7 18. Rfe1 Re8 19. Nd2 Ng6 20. f4 h5
21. Nce4 hxg4 22. hxg4 c4 23. Nxc4 Be7 24. Re3 Bh4+ 25. Kf3 Be7 26. Kg3 Bh4+ 27. Kf3=
1/2-1/2

[Event "2022 Standard Chess Dropout Tournament, Round 2"]
[Site "SchemingMind.com"]
[Date "2022.06.24"]
[Round "2"]
[White "Gilligan"]
[Black "peeuukoo"]
[Result "0-1"]
[WhiteCountry "USA"]
[BlackCountry "FIN"]
[WhiteElo "1647"]
[WhiteRD "65"]
[BlackElo "1829"]
[BlackRD "111"]
[GameID "724585"]

1. e4 e5 2. Nf3 Nc6 3. Bb5 a6 4. Ba4 Nf6 5. d3 b5 6. Bb3 d6 7. c3 Be7 8. O-O O-O 9. Nbd2 Na5 10. Bc2 c5
11. h3 Nc6 12. b4 cxb4 13. c4 bxc4 14. dxc4 a5 15. a4 Nd7 16. Bb3 Nc5 17. Ba2 Kh8 18. Nb3 Nxa4 19. Nbd2 Nc3 20. Qc2 a4
21. Bb1 Be6 22. Re1 Nxb1 23. Qxb1 f5 24. exf5 Bxf5 25. Qb2 Bf6 26. Ne4 Bxe4 27. Rxe4 Qc7 28. Qd2 a3 29. Re3 e4 30. Rb1 exf3
31. Rxf3 a2 32. Rxf6 Rxf6 33. Ra1 b3 34. Bb2 Re6 35. Qc3 Na5 36. Qf3 Rae8 37. Bc3 Nxc4 38. g3 Na3 39. Kh2 Nc2 40. Rc1 R6e7
41. Bb2 Qb7 42. Qd3 Re2 43. Rf1 Ne1 44. Rxe1 Rxf2+
0-1

[Event "2022 Standard Chess Dropout Tournament, Round 2"]
[Site "SchemingMind.com"]
[Date "2022.06.24"]
[Round "2"]
[White "Giraldo Menendez Rodriguez"]
[Black "Juan Jose Rivas Maceda"]
[Result "1/2-1/2"]
[WhiteCountry "CUB"]
[BlackCountry "PER"]
[WhiteElo "2548"]
[WhiteRD "76"]
[BlackElo "2573"]
[BlackRD "109"]
[GameID "724586"]

1. Nf3 d5 2. d4 Nf6 3. c4 e6 4. Nc3 Bb4 5. cxd5 exd5 6. Bg5 h6 7. Bh4 c5 8. e3 c4 9. Be2 O-O 10. Qc2 Nc6
11. O-O g5 12. Bg3 Ne7 13. Nd2 Bf5 14. Qd1 Rc8 15. f4 Rc6 16. fxg5 hxg5 17. Rf2 Bg6 18. Qf1 Ne8 19. h4 Ng7 20. hxg5 Nef5
21. Bf4 Ne6 22. a3 Nxf4 23. Rxf4 Nxe3 24. Qf2 Bxc3 25. bxc3 Re8 26. Bg4 Nxg4 27. Rxg4 Qe7 28. Nf3 Qe3 29. Ne5 Rxe5 30. dxe5 Qxc3
31. Re1 Re6 32. Rd4 Qa5 33. Rf4 c3 34. Rf6 Qc7 35. Rxe6 fxe6 36. Rf1 Qb6 37. Qxb6 axb6 38. Rd1 c2 39. Rc1 Be4 40. Kf2 Kh7
41. Ke2 Kg6 42. Kd2 Kxg5 43. Rf1=
1/2-1/2

[Event "2022 Standard Chess Dropout Tournament, Round 2"]
[Site "SchemingMind.com"]
[Date "2022.06.20"]
[Round "2"]
[White "Glenn O'Brien"]
[Black "Greg Magne"]
[Result "1-0"]
[WhiteCountry "AUS"]
[BlackCountry "CAN"]
[WhiteElo "1937"]
[WhiteRD "90"]
[BlackElo "1787"]
[BlackRD "82"]
[GameID "724587"]

1. e4 c5 2. Nf3 d6 3. d4 cxd4 4. Nxd4 Nf6 5. Nc3 a6 6. Bg5 e6 7. f4 b5 8. e5 dxe5 9. fxe5 Qc7 10. exf6 Qe5+
11. Be2 Qxg5 12. O-O gxf6 13. Ne4 Qe3+ 14. Kh1 Qxe4 15. Bf3 Qg6 16. Bxa8 Bd7 17. Rf3 Bc5 18. Nb3 Be7 19. Rg3 Qh6 20. Qd4 Nc6
21. Bxc6 Bxc6 22. Qb6 Bd5 23. Qxa6 b4 24. Qc8+ Bd8 25. Nc5
1-0

[Event "2022 Standard Chess Dropout Tournament, Round 2"]
[Site "SchemingMind.com"]
[Date "2022.06.20"]
[Round "2"]
[White "Helga1946"]
[Black "NYNH"]
[Result "1-0"]
[WhiteCountry "GER"]
[BlackCountry "USA"]
[WhiteElo "2349"]
[WhiteRD "78"]
[BlackElo "1934"]
[BlackRD "110"]
[GameID "724589"]

1. c4 e5 2. Nc3 Nf6 3. Nf3 Nc6 4. a3 d5 5. cxd5 Nxd5 6. Qc2 Nxc3 7. dxc3 Bd6 8. e4 O-O 9. Bc4 Qe8 10. O-O Be6
11. Bd5 h6 12. Re1 Rd8 13. Be3 Bc8 14. c4 b6 15. b4 Nb8 16. c5 c6 17. Ba2 Bc7 18. Nh4 Ba6 19. Bxh6 gxh6 20. Qc1 Bc8
21. Qxh6 Be6 22. Re3 Qd7 23. Rg3+ Bg4 24. h3
1-0

[Event "2022 Standard Chess Dropout Tournament, Round 2"]
[Site "SchemingMind.com"]
[Date "2022.06.20"]
[Round "2"]
[White "Holty"]
[Black "Brerrabbit"]
[Result "1-0"]
[WhiteCountry "ENG"]
[BlackCountry "SCO"]
[WhiteElo "1718"]
[WhiteRD "69"]
[BlackElo "1157"]
[BlackRD "64"]
[GameID "724590"]

1. d4 d5 2. Bf4 e6 3. Nf3 Bd6 4. Bg3 Nc6 5. e3 f6 6. c4 Nge7 7. Nc3 b6 8. a3 Ba6 9. b4 O-O 10. b5 Bb7
11. bxc6 Bxc6 12. Bd3 a6 13. Qc2 Nf5 14. a4 b5 15. c5 Bxg3 16. hxg3 g6 17. g4 Nd6 18. Bxg6 Be8 19. Bxe8 Rxe8 20. Qxh7+ Kf8
21. cxd6 Qxd6 22. Rh6
1-0

[Event "2022 Standard Chess Dropout Tournament, Round 2"]
[Site "SchemingMind.com"]
[Date "2022.06.20"]
[Round "2"]
[White "eliecercruzr"]
[Black "pmdpsp"]
[Result "1-0"]
[WhiteCountry "CUB"]
[BlackCountry "GER"]
[WhiteElo "2318"]
[WhiteRD "87"]
[BlackElo "1772"]
[BlackRD "93"]
[GameID "724591"]

1. e4 c5 2. Nf3 Nc6 3. d4 cxd4 4. Nxd4 e5 5. Nb5 d6 6. c4 Nf6 7. N1c3 a6 8. Na3 Be7 9. Nc2 O-O 10. Be2 Be6
11. O-O h6 12. Be3 Rc8 13. Qd3 Nh7 14. Qd2 f5 15. exf5 Bxf5 16. Bd3 Qd7 17. Rad1 Bxd3 18. Qxd3 Nf6 19. b3 Ng4 20. Bc1 Rcd8
21. f3 Nf6 22. Ne3 Nb4 23. Qb1 Qc7 24. a3 Nc6 25. Qg6 Nd4 26. Rxd4 exd4 27. Nf5 Ne8 28. Nd5 Qd7 29. Nfxe7+ Kh8 30. Bxh6 gxh6
31. Qxh6#
1-0

[Event "2022 Standard Chess Dropout Tournament, Round 2"]
[Site "SchemingMind.com"]
[Date "2022.06.21"]
[Round "2"]
[White "Jari Laine"]
[Black "Glenn O'Brien"]
[Result "1-0"]
[WhiteCountry "FIN"]
[BlackCountry "AUS"]
[WhiteElo "2561"]
[WhiteRD "86"]
[BlackElo "1951"]
[BlackRD "91"]
[GameID "724592"]

1. e4 e5 2. Nc3 Nf6 3. Bc4 Nc6 4. d3 Na5 5. Bb3 Nxb3 6. axb3 d5 7. Nf3 dxe4 8. Nxe5 Bd6 9. Nc4 Bb4 10. Qe2 O-O
11. dxe4 b5 12. Nd2 a6 13. O-O Bb7 14. e5 Re8 15. Nf3 Ng4 16. Bf4 Bd6 17. Rfe1 f6 18. Rad1 Qc8 19. Qd3 fxe5 20. Bg3 Re6
21. Ng5 Rg6 22. Nf3 Qe6 23. Nh4 Rf6 24. Ne4 Bxe4 25. Qxe4 Raf8 26. Nf3 Rg6 27. Qb7 Bc5 28. Rd2 Bb4 29. c3 Bd6 30. b4 Qe8
31. h3 Nh6 32. Bxe5 Rxf3 33. Qxf3 Nf7 34. Qd5 c6 35. Qa2 Qe6 36. Qxe6 Rxe6 37. f4 g5 38. Ree2 Nxe5 39. fxe5 Bxe5 40. Rd7 Bh2+
41. Kf1 Rf6+ 42. Ke1 Bg3+ 43. Kd1 Bd6 44. Re8+ Rf8 45. Re6 Bb8 46. Ree7 Rc8 47. Rg7+ Kf8 48. Rxg5 h6 49. Rf5+ Ke8 50. Rh7 Rd8+
51. Kc2 Bg3 52. Rff7 Bb8 53. Rb7 Bd6 54. Rxh6 Be7 55. Re6 Rd7 56. Rxe7+ Kxe7 57. Rxd7+ Kxd7 58. Kd3 Ke6 59. Ke4 Kd6 60. h4 Ke6
61. h5 Kf6 62. g4 Kg5 63. Ke5 Kh6 64. Kd6 Kg5 65. Kxc6 Kh6 66. Kb6 Kg5 67. Kxa6
1-0

[Event "2022 Standard Chess Dropout Tournament, Round 2"]
[Site "SchemingMind.com"]
[Date "2022.06.20"]
[Round "2"]
[White "Joe P"]
[Black "southpolarice"]
[Result "0-1"]
[WhiteCountry "AUS"]
[BlackCountry "AUS"]
[WhiteElo "1822"]
[WhiteRD "90"]
[BlackElo "2064"]
[BlackRD "91"]
[GameID "724593"]

1. e4 c5 2. c3 d5 3. exd5 Qxd5 4. d4 Nf6 5. Nf3 e6 6. Be3 cxd4 7. Nxd4 Bc5 8. Bb5+ Bd7 9. O-O e5 10. Bxd7+ Nbxd7
11. Nb5 Qxd1 12. Rxd1 Ke7 13. Re1 Bxe3 14. Rxe3 Nd5 15. Rd3 N7b6 16. Nd2 a6 17. Na3 Rhd8 18. Nac4 Nf4 19. Re3 Nxc4 20. Nxc4 f6
21. g3 Ng6 22. Nb6 Rab8 23. Kf1 Rd6 24. Nc4 Rd5 25. f4 b5 26. Na5 Kf7 27. fxe5 Nxe5 28. Nb3 b4 29. cxb4 Rxb4 30. Rc1 Rb7
31. Re2 a5 32. Rec2 Nd3 33. Rd1 Rf5+ 34. Ke2 Nb4 35. Rc5 Re7+ 36. Kd2 Rf2+ 37. Kc3 Rc2+ 38. Kd4 Rd7+
0-1

[Event "2022 Standard Chess Dropout Tournament, Round 2"]
[Site "SchemingMind.com"]
[Date "2022.06.22"]
[Round "2"]
[White "Jon Coles"]
[Black "Giraldo Menendez Rodriguez"]
[Result "1/2-1/2"]
[WhiteCountry "WLS"]
[BlackCountry "CUB"]
[WhiteElo "2408"]
[WhiteRD "111"]
[BlackElo "2548"]
[BlackRD "76"]
[GameID "724594"]

1. d4 Nf6 2. Nf3 d5 3. g3 Bf5 4. Bg2 e6 5. c4 c6 6. Nc3 h6 7. Qb3 Qb6 8. c5 Qxb3 9. axb3 Na6 10. Ra4 Nd7
11. h4 Be7 12. Bf4 f6 13. b4 Bc2 14. Rxa6 bxa6 15. h5 Bf5 16. Kd2 Bg4 17. e4 dxe4 18. Nxe4 O-O-O 19. Bd6 Rhe8 20. Rh4 Bxf3
21. Bxf3 Nb8 22. Kc3 Bxd6 23. Nxd6+ Rxd6 24. cxd6 Kd7 25. Rg4 Rg8 26. Re4 Kxd6 27. Re1 f5 28. Kd2 g5 29. hxg6 Rxg6 30. Rh1 Nd7
31. Rc1 Nb8 32. Rh1 Nd7 33. Rc1 Nb8=
1/2-1/2

[Event "2022 Standard Chess Dropout Tournament, Round 2"]
[Site "SchemingMind.com"]
[Date "2022.06.24"]
[Round "2"]
[White "Michael Christensen"]
[Black "Keith McLaughlin"]
[Result "0-1"]
[WhiteCountry "GER"]
[BlackCountry "ENG"]
[WhiteElo "1754"]
[WhiteRD "91"]
[BlackElo "2284"]
[BlackRD "126"]
[GameID "724595"]

1. g3 Nf6 2. Nf3 c5 3. Bg2 Nc6 4. d3 d5 5. O-O e5 6. Nbd2 Be7 7. c4 O-O 8. cxd5 Nxd5 9. Nc4 f6 10. Qb3 Kh8
11. Ne3 Be6 12. Qxb7 Na5 13. Qa6 Bc8 14. Qb5 Bd7 15. Qa6 Nb4
0-1

[Event "2022 Standard Chess Dropout Tournament, Round 2"]
[Site "SchemingMind.com"]
[Date "2022.06.24"]
[Round "2"]
[White "Keith McLaughlin"]
[Black "FransEvers"]
[Result "1-0"]
[WhiteCountry "ENG"]
[BlackCountry "NED"]
[WhiteElo "2284"]
[WhiteRD "126"]
[BlackElo "2068"]
[BlackRD "114"]
[GameID "724596"]

1. e4 d6 2. d4 Nf6 3. Nc3 e5 4. Nf3 Be7 5. dxe5 dxe5 6. Qxd8+ Bxd8 7. Nxe5 O-O 8. Bf4 Nbd7 9. Nxd7 Nxd7 10. Nb5 Nc5
11. Nxc7 Bxc7 12. Bxc7 Nxe4 13. f3 Nf6 14. O-O-O Be6 15. Bg3 Rac8 16. a3 Bf5 17. Rd2 a6 18. Be2 h6 19. Rhd1 Rfe8 20. Bf1 Be6
21. Bf2 Bb3 22. Bd3 Bc4 23. Bxc4 Rxc4 24. b3 Rc6 25. c4 g5 26. Rd6 Rxd6 27. Rxd6 Re6 28. Rd8+ Kh7 29. Bd4 Kg6 30. Kd2 h5
31. b4 g4 32. c5 gxf3 33. gxf3 h4 34. Bxf6 Kxf6 35. Rd6 Rxd6+ 36. cxd6 Ke6 37. Ke3 Kxd6 38. Kf4
1-0

[Event "2022 Standard Chess Dropout Tournament, Round 2"]
[Site "SchemingMind.com"]
[Date "2022.06.21"]
[Round "2"]
[White "kenneth m day"]
[Black "Raymond de Kemp"]
[Result "1-0"]
[WhiteCountry "USA"]
[BlackCountry "NED"]
[WhiteElo "1628"]
[WhiteRD "59"]
[BlackElo "1765"]
[BlackRD "70"]
[GameID "724597"]

1. e4 d5 2. exd5 Nf6 3. d4 Nxd5 4. Bc4 Nb6 5. Bb3 Nc6 6. Nf3 e6 7. O-O Be7 8. Nc3 O-O 9. a3 Nd5 10. Nxd5 exd5
11. Bf4 b6 12. Re1 Re8 13. Qd3 h6 14. c3 a5 15. Bc2 f5 16. Ba4 Bd7 17. Bxc6 Bxc6 18. Qxf5 Qd7 19. Qg6 Bf6 20. Bxh6 Qf7
21. Qxf7+ Kxf7 22. Bf4 Rxe1+ 23. Rxe1 Rc8 24. Ne5+ Bxe5 25. Bxe5 Re8 26. f4 Re7 27. Re3 Bd7 28. Rg3 Kg8 29. Bxc7 Bb5 30. Bxb6 Re1+
31. Kf2 Re2+ 32. Kf3 Rxb2 33. Bxa5 Be2+ 34. Ke3 Bc4 35. Bc7 Re2+ 36. Kf3 Rc2 37. Bd6 Rxc3+ 38. Kg4
1-0